Jude the obscure : notes / (Record no. 10468)
[ view plain ]
| 000 -LEADER | |
|---|---|
| fixed length control field | 00677nam a22002537a 4500 |
| 001 - CONTROL NUMBER | |
| JCCL Control Number | 10468 |
| 003 - CONTROL NUMBER IDENTIFIER | |
| JCCL marc code | BD-JhCC |
| 005 - DATE AND TIME OF LATEST TRANSACTION | |
| control field | 20180430104025.0 |
| 008 - FIXED-LENGTH DATA ELEMENTS--GENERAL INFORMATION | |
| fixed length control field | 180430b1966 as ||||| |||| 00| 0 eng d |
| 035 ## - SYSTEM CONTROL NUMBER | |
| system control number | (BD-JhCC)10468 |
| 040 ## - CATALOGING SOURCE | |
| Original cataloging agency | BD-JhCC |
| Modifying agency | BD-JhCC |
| 041 ## - LANGUAGE CODE | |
| Language code of Book | eng |
| 082 ## - DEWEY DECIMAL CLASSIFICATION NUMBER | |
| Classification number | 823.8 |
| Author mark and Year | FRA 1966 |
| 100 ## - MAIN ENTRY--PERSONAL NAME | |
| Personal name | Frank H., M. A. Thompson, |
| 245 ## - TITLE STATEMENT | |
| Title | Jude the obscure : notes / |
| Statement of responsibility, etc | Thompson, Frank H., M. A. |
| 250 ## - EDITION STATEMENT | |
| Edition statement | 24 |
| 260 ## - PUBLICATION, DISTRIBUTION, ETC. (IMPRINT) | |
| Place of publication, distribution, etc | Lincoln : |
| Name of publisher, distributor, etc | Neb. : Cliff's Notes, |
| Date of publication, distribution, etc | 1966. |
| 300 ## - PHYSICAL DESCRIPTION | |
| Pagination | 67 p. : |
| Dimensions | 22 cm. |
| 650 ## - SUBJECT ADDED ENTRY--TOPICAL TERM | |
| Topical term or geographic name as entry element | Jude the obscure (Hardy, Thomas) |
| 650 ## - SUBJECT ADDED ENTRY--TOPICAL TERM | |
| Topical term or geographic name as entry element | Hardy, Thomas, 1840-1928 |
| 650 ## - SUBJECT ADDED ENTRY--TOPICAL TERM | |
| Topical term or geographic name as entry element | Examinations |
| 942 ## - ADDED ENTRY ELEMENTS (KOHA) | |
| Source of classification or shelving scheme | Dewey Decimal Classification |
| Koha item type | Reference |
| Source of classification or shelving scheme | Damaged status | Not for loan | Home library | Current library | Shelving location | Total Checkouts | Full call number | Barcode | Date last seen | Copy number | Koha item type | Date of accession |
|---|---|---|---|---|---|---|---|---|---|---|---|---|
| Dewey Decimal Classification | JCC Rouf Library | JCC Rouf Library | General Stacks | 823.8 FRA 1966 | 14049 | 04/30/2018 | C-1 | Reference | ||||
| Dewey Decimal Classification | JCC Rouf Library | JCC Rouf Library | General Stacks | 823.8 FRA 1966 | 14048 | 04/30/2018 | C-2 | Reference | ||||
| Dewey Decimal Classification | JCC Rouf Library | JCC Rouf Library | General Stacks | 823.8 FRA 1966 | 14047 | 04/30/2018 | C-3 | Reference | ||||
| Dewey Decimal Classification | JCC Rouf Library | JCC Rouf Library | General Stacks | 823.8 FRA 1966 | 14046 | 04/30/2018 | C-4 | Reference | 04/30/2018 | |||
| Dewey Decimal Classification | JCC Rouf Library | JCC Rouf Library | General Stacks | 823.8 FRA 1966 | 14045 | 04/30/2018 | C-5 | Reference | ||||
| Dewey Decimal Classification | JCC Rouf Library | JCC Rouf Library | General Stacks | 823.8 FRA 1966 | 14044 | 04/30/2018 | C-6 | Reference | ||||
| Dewey Decimal Classification | JCC Rouf Library | JCC Rouf Library | General Stacks | 823.8 FRA 1966 | 14043 | 04/30/2018 | C-7 | Reference |